000 00626nam a2200229Ia 4500
005 20230420144758.0
008 230125s9999 xx 000 0 und d
020 _a9789351108917
041 _aeng
082 _a658.15
_bSEN
100 _aSen J
_9118245
245 _aMutual Funds In India : Vehicle For Fixed Income Investments
250 _a2nd Ed.
260 _c2018
_bShroff publisher and distributors
_aMumbai
300 _a253p
500 _aFinancial services;Mutual Funds
650 _aFinancial services Mutual Funds
_9181154
700 _aSen J
_9118245
906 _b154
942 _cBK
999 _c96253
_d96253